000 00504nam a2200205 a 4500
999 _c7557
_d7557
001 7557
003 BD-JhCC
005 20180211172056.0
008 180211s1966 uk |||| |||| 000 0 eng d
035 _a(BD-JhCC)
040 _aBD-JhCC
_dBD-JhCC
041 _aeng
082 _a947
_bJON 1966
100 _aJones, Sheila
245 _aA Student's History of Russia /
_cSheila Jones
260 _aLondon:
_bPergamon Press,
_c1966
300 _a221 p;,
_c22 cm
650 _aSoviet Union
942 _2ddc
_cBK